Statistics for 100 Biggest Cities in the WWII Axis Countries

Click here to take the quiz!

General Stats

  • This quiz has been taken 261 times
  • The average score is 26 of 100

Answer Stats

Rank Population City % Correct
33,275,000Berlin
99%
42,705,603Rome
95%
18,949,447Tokyo
95%
181,185,400Munich
89%
101,686,100Hamburg
87%
151,303,437Milan
86%
22975,139Naples
83%
52,666,371Osaka
81%
34648,000Frankfurt
76%
191,174,209Hiroshima
75%
23965,300Cologne
74%
42568,900Düsseldorf
73%
62443,469Nagasaki
70%
58473,300Dresden
70%
25900,569Turin
70%
83365,966Florence
65%
40581,100Stuttgart
65%
33666,552Palermo
64%
121,474,473Kyoto
62%
81,883,425Bucharest
61%
62,263,907Nagoya
60%
71,914,434Sapporo
60%
91,735,711Budapest
57%
38588,800Essen
57%
35615,686Genoa
55%
23,689,603Yokohama
54%
171,204,685Sofia
52%
44527,900Bremen
48%
52486,100Leipzig
48%
39587,600Dortmund
46%
78373,026Bologna
42%
111,544,873Kobe
40%
46516,300Hanover
39%
51486,700Nuremberg
35%
97325,052Bari
35%
131,463,826Fukuoka
34%
201,045,903Sendai
27%
141,425,678Kawasaki
19%
47513,400Duisburg
17%
100334,870Varna
16%
84365,400Wuppertal
16%
75381,533Nagano
14%
74388,100Bochum
13%
94338,153Plovdiv
13%
21977,288Kitakyushu
12%
27812,192Niigata
12%
24962,130Chiba
12%
98324,576Cluj-Napoca
11%
161,222,910Saitama
10%
37605,940Kagoshima
10%
32709,622Okayama
10%
82366,528Nara
9%
29734,294Kumamoto
9%
28800,912Hamamatsu
7%
26842,134Sakai
6%
43536,338Himeji
5%
59462,478Kanazawa
5%
31716,328Shizuoka
5%
68413,239Gifu
5%
64421,890Toyama
5%
72400,352Miyazaki
4%
65421,552Toyota
4%
99323,363Akita
4%
45517,088Matsuyama
4%
48511,296Utsunomiya
3%
81369,400Wakayama
3%
88343,416Kochi
3%
95337,629Otsu
3%
66419,291Takamatsu
3%
92340,390Maebashi
3%
57473,955Oita
3%
30717,561Sagamihara
2%
60461,471Fukuyama
2%
36609,081Funabashi
2%
55475,421Kurashiki
2%
90342,198Iwaki
2%
87347,275Asahikawa
2%
89342,714Kawagoe
1%
93338,772Koriyama
1%
85357,423Takatsuki
1%
50500,311Kawaguchi
1%
80371,352Takasaki
1%
69409,734Fujisawa
1%
67418,448Yokosuka
1%
63426,827Machida
1%
56474,926Ichikawa
1%
61453,608Amagasaki
1%
54482,790Nishinomiya
1%
71404,079Kashiwa
1%
41579,799Hachioji
1%
79372,472Okazaki
1%
76376,861Toyohashi
1%
49509,632Higashiosaka
1%
53484,639Matsudo
1%
96326,423Koshigaya
0%
91341,900Tokorozawa
0%
77375,621Ichinomiya
0%
86355,567Suita
0%
73389,359Toyonaka
0%
70407,997Hirakata
0%

Score Distribution

Percentile by Number Answered

Percent of People with Each Score

Your Score History

You have not taken this quiz